000 00621nam a22002177a 4500
003 OSt
005 20220107122750.0
008 140529b xxu||||| |||| 00| 0 eng d
020 _a9789351100102
040 _cIIITM-K
082 _a378 DHA/F
100 _aDharaskar, Rajiv V
_95674
245 _aFunding techniques of world renowned universities
_cby Rajiv V Dharaskar
260 _aNavi Mumbai,
_bShroff Publishers,
_c2013.
300 _axvi, 180p.
650 _aEDUCATION
_95675
650 _aHIGHER EDUCATION
_95676
650 _aUNIVERSITY EDUCATION
_95677
650 _aFUNDING TECHNIQUE
_95678
942 _2ddc
_cBK
999 _c4327
_d4327